00531nam a22001697a 450000500170000001000150001702000260003203500130005803700130007108200150008410000190009924500850011826000420020327000720024530000250031750000190034220140910144958.0 aENG-110772 a9788183875110c750.00 aEN-94304 bDBAD/PUB a305.420954 aTalwar,Sabanna aIntellectual property rights and economic reforms in India /cby Sabanna Talwar  aNew DelhibSerials Publicationsc2012 a4830/24, Prahlad street, Ansari Road, Darya GanjbNew Delhie110002 axii,203p. c22cm(Hb) aIncludes index